000
00255nam a22001097a 4500
041
_a
eng
080
_a
80
100
_a
Зубков М.
245
_a
Великий англо-український словник.
650
_a
Reference
999
_c
282429
_d
282429
942
_c
BK